Estimación de la función de importaciones de mercancias (Registro nro. 15178)

Detalles MARC
000 -LEADER
fixed length control field 00368 a2200121 4500
001 - CONTROL NUMBER
control field ART_17879
005 - DATE AND TIME OF LATEST TRANSACTION
control field 20260410161701.0
008 - FIXED-LENGTH DATA ELEMENTS--GENERAL INFORMATION
fixed length control field 260409a
100 1# - MAIN ENTRY--PERSONAL NAME
Personal name Machinea, José Luis
245 10 - TITLE STATEMENT
Title Estimación de la función de importaciones de mercancias
700 1# - ADDED ENTRY--PERSONAL NAME
Personal name Rotemberg, Julio
773 0# - HOST ITEM ENTRY
Title Ensayos Económicos
Related parts - Nº 3 (sep. 1977)
Record control number REV620

No hay ítems disponibles.